000 00288nam a22001337a 4500
008 170620b xxu||||| |||| 00| 0 eng d
020 _a9781592405732
041 _aeng
080 _a32
100 _a20
101 _aSHM
245 _aOUR PATCHWORK NATION
_cSUAREZ, R
942 _2udc
_cBK
999 _c18333
_d18333